Kpop lyrics pt 2 - Statistics

General Stats
  • This quiz has been taken 225 times
  • The average score is 5 of 20
Answer Stats
Hint Answer % Correct
Can I kiss you, can I hug you? XO (Only if You Say Yes)
61%
Drop the question Attention
51%
Lookin' good enough to eat Ice Cream
51%
Question, question, question marks in everywhere Fact Check
41%
I just wanna continue my pace DASH
33%
I know I'm an icon Python
31%
Feeling like on cloud Sweet Venom
30%
Baby, catch me if you can, let's race so Rover
23%
Boom, boom, bang, bang, bang, black it out Daydream
20%
Love me only 'til this spring Lilac
20%
Hit me, hit me up Supersonic
20%
Callin' me extra sweet Pineapple Slice
17%
365, every day Happily Ever After
15%
My clock ticks on a different beat WORK
15%
I don't, I don't wanna wake up Run Away
14%
Meant to be, we might be alright now LOOP
12%
I hope you feel the same way OUR
12%
Alright, alright Cake
11%
Honey, help, honey, help Love Lee
9%
XO love me good Something Ain't Right
7%
No matching quizzes found
Score Distribution
Percent of People with Each Score
Percentile by Number Answered
Your Score History
You have not taken this quiz